000 00423nam a2200193Ia 4500
001 11753
003 GE_BSU
008 181216s||||||||xx |||||||||||||| ||und||
040 _cGE_BSU
080 _a821.111-32
100 _aWoolf,Virginia
245 2 _aA Room of One's Own
260 _aLondon
260 _bGranada Publishing
260 _c1979
300 _a108p.18cm.
653 _aA Room of One's Own
942 _cBK
999 _c44932
_d44932